| 000 | 00553nam a2200205 a 4500 | ||
|---|---|---|---|
| 003 | DO-SdBNP | ||
| 005 | 20220914084346.0 | ||
| 007 | ta | ||
| 008 | 220913e1978 dr ao||br|||| 00| 0 spa d | ||
| 040 |
_aDO-SdBNP _bspa _cBNPHU |
||
| 082 | 4 |
_222 _bB113l |
|
| 245 | 0 | 0 | _aLibro del año 1978 |
| 260 |
_aSanto Domingo : _bEditorama, _c[1978] |
||
| 300 |
_a62 p. : _bil., fotograf. _c28 cm. |
||
| 500 | _aIncluye pié de fotos. | ||
| 590 | _aInventariado 2022 / MF | ||
| 710 |
_aBabeque (Republica Dominicana) _955170 |
||
| 910 | _aMFeliz | ||
| 942 |
_2ddc _cLBS1 |
||
| 999 |
_c52386 _d52386 |
||